000 00945nam a22002057a 4500
003 NALT
005 20251125233135.0
008 th tha d
040 _aNALT
041 _atha
050 _aDS 586
_bภ671ร
245 0 0 _aราชาแห่งราชา :
_bThe King of Kings.
260 _aกรุงเทพฯ :
_bโรงพิมพ์อักษรสัมพันธ์ (1987),
_cม.ป.ป..
300 _a152 หน้า :
_bภาพประกอบ ;
_c28 ซม.
600 0 4 _93353
_aภูมิพลอดุลยเดช,
_cพระบาทสมเด็จพระเจ้าอยู่หัว
_xพระราชกรณียกิจ
850 _aNALT
856 4 0 _uhttps://hdl.handle.net/20.500.14156/521386
942 _cGB
_2lcc
998 _bชวนพิชญ์ รัตนาไพบูลย์
_aphon
_cphon
_j104
_k สายฝน ดีงาม
999 _c77437
_d77437